000 00894nam a2200277Ia 4500
003 OSt
005 20221005103300.0
006 a|||||r|||| 00| 0
007 ta
008 221004b |||||||| |||| 00| 0 hin d
020 _a9789351378990 (hbk)
_c595
024 _a21098
037 _b116, 21/03/2015, Mallika Books
_cTextual
040 _aCRL
_cCRL
_bhin
041 _2hin
_ahin
082 _aO152,3N722,AA, Q2
100 _aत्यागी, कविता
245 0 _aआघात
246 _aĀghāta
250 _a2 संस्करण
260 _aगाजियाबाद
_bविजय भारत
_c2014
300 _a288पृ0
_ccm.
650 _aहिन्दी साहित्य
942 _hO152,3N722,AA, Q2
_cTEXL
_2cc
999 _c1009792
_d1009792